[Event "Titled Tuesday 2024.10.08 Late"]
[Site "chess.com INT"]
[Date "2024.10.08"]
[Round "6"]
[White "Mendes, Aaron Reeve"]
[Black "Lazavik, Denis"]
[Result "0-1"]
[WhiteElo "2320"]
[BlackElo "2578"]
[PlyCount "92"]
[GameId "2129405224847283"]
[EventDate "2024.10.08"]
[EventType "swiss (blitz)"]
[EventRounds "11"]
[EventCountry "NET"]
[SourceTitle "The Week in Chess 1562"]
[Source "Mark Crowther"]
[SourceDate "2024.10.14"]
[SourceVersion "1"]
[SourceVersionDate "2024.10.14"]
[SourceQuality "2"]

1. e4 c5 2. Nf3 e6 3. b3 Nc6 4. Bb2 a6 5. c4 Nf6 6. e5 Ng4 7. h3 Nh6 8. g4 d6 9. exd6 f6 10. Bg2 Nf7 11. O-O e5 12. Re1 Bxd6 13. d4 cxd4 14. Nxd4 Nxd4 15. Bxd4 O-O 16. Bc3 Qc7 17. Nd2 Bd7 18. Ne4 Be7 19. Qe2 Bc6 20. Ng3 Rad8 21. Rad1 Ng5 22. h4 Ne6 23. Bxc6 bxc6 24. Qe4 Bc5 25. Nf5 a5 26. Kg2 Kh8 27. Bd2 Bb4 28. Bxb4 axb4 29. Ng3 c5 30. Ne2 Nd4 31. Nxd4 cxd4 32. f4 Rfe8 33. fxe5 Rxe5 34. Qf3 h6 35. Re2 Rde8 36. Rde1 Qd7 37. Rxe5 fxe5 38. Qe4 d3 39. Rd1 d2 40. Kg3 Rf8 41. Qd5 Qa7 42. Qxd2 e4 43. Kg2 e3 44. Qxb4 Rf2+ 45. Kg3 Qf7 46. Rd8+ Kh7 0-1

[Event "Titled Tuesday 2024.10.08 Late"]
[Site "chess.com INT"]
[Date "2024.10.08"]
[Round "7"]
[White "Pichot, A."]
[Black "Mendes, Aaron Reeve"]
[Result "1-0"]
[WhiteElo "2644"]
[BlackElo "2320"]
[PlyCount "139"]
[GameId "2129405224847579"]
[EventDate "2024.10.08"]
[EventType "swiss (blitz)"]
[EventRounds "11"]
[EventCountry "NET"]
[SourceTitle "The Week in Chess 1562"]
[Source "Mark Crowther"]
[SourceDate "2024.10.14"]
[SourceVersion "1"]
[SourceVersionDate "2024.10.14"]
[SourceQuality "2"]

1. e4 c5 2. Nf3 d6 3. Bb5+ Bd7 4. Bxd7+ Qxd7 5. O-O Nc6 6. c3 Nf6 7. d3 e6 8. Qe2 Be7 9. Nbd2 O-O 10. Re1 Rfe8 11. Nf1 Bf8 12. Bg5 Be7 13. Ng3 h6 14. Bf4 e5 15. Bd2 Bf8 16. Rad1 d5 17. Nh4 Kh7 18. Qf3 Rad8 19. Nhf5 dxe4 20. dxe4 Qe6 21. b3 g6 22. Ne3 Rd3 23. Qe2 Red8 24. Nd5 R3xd5 25. exd5 Nxd5 26. c4 Nc7 27. Bc3 Rxd1 28. Qxd1 f5 29. Nf1 Bg7 30. Ne3 Nd4 31. f3 Qd6 32. Kh1 b6 33. Qd3 Qc6 34. Bxd4 cxd4 35. Nc2 Ne6 36. Nb4 Nf4 37. Nxc6 Nxd3 38. Re2 e4 39. fxe4 fxe4 40. Kg1 e3 41. Kf1 Nc1 42. Rc2 d3 43. Rxc1 e2+ 44. Ke1 Bb2 45. Nb4 Bxc1 46. Nxd3 Ba3 47. Kxe2 Bd6 48. h3 Kg7 49. Kf3 Kf6 50. Ke4 Ke7 51. Kd5 Kd7 52. b4 g5 53. c5 bxc5 54. bxc5 Bf8 55. Ne5+ Kc7 56. a4 Be7 57. Nf7 Bf8 58. Nd6 Kd7 59. Nb5 a6 60. c6+ Kc8 61. Nd4 Ba3 62. Nf5 h5 63. Ng7 h4 64. Ne6 Bc1 65. Nc5 a5 66. Nb7 Bd2 67. Nd6+ Kc7 68. Nb5+ Kb6 69. c7 Kb7 70. Kd6 1-0

[Event "Titled Tuesday 2024.10.08 Late"]
[Site "chess.com INT"]
[Date "2024.10.08"]
[Round "8"]
[White "Tang, Andrew"]
[Black "Mendes, Aaron Reeve"]
[Result "0-1"]
[WhiteElo "2527"]
[BlackElo "2320"]
[PlyCount "74"]
[GameId "2129405224847687"]
[EventDate "2024.10.08"]
[EventType "swiss (blitz)"]
[EventRounds "11"]
[EventCountry "NET"]
[SourceTitle "The Week in Chess 1562"]
[Source "Mark Crowther"]
[SourceDate "2024.10.14"]
[SourceVersion "1"]
[SourceVersionDate "2024.10.14"]
[SourceQuality "2"]

1. d4 d5 2. Bf4 c5 3. e4 e6 4. Nc3 cxd4 5. Qxd4 Nc6 6. Qa4 Bb4 7. Nge2 a6 8. O-O-O Nge7 9. a3 Bc5 10. exd5 exd5 11. Ne4 Qb6 12. Nxc5 Qxc5 13. Be3 Qd6 14. Qf4 Qd7 15. Nc3 O-O 16. Bc4 Ng6 17. Qg3 d4 18. Ne2 Qe7 19. Nxd4 Nce5 20. Bb3 b5 21. h4 h5 22. Rhe1 Qb7 23. f3 Nc4 24. Bf2 Bd7 25. Kb1 Rac8 26. Qg5 a5 27. Qxh5 a4 28. Bxc4 bxc4 29. Ka1 c3 30. Rb1 cxb2+ 31. Rxb2 Qc7 32. Re3 Rfe8 33. Qg5 Re5 34. Rxe5 Nxe5 35. Qc1 Nc4 36. Rb4 Qc5 37. c3 Qd5 0-1

[Event "Titled Tuesday 2024.10.08 Late"]
[Site "chess.com INT"]
[Date "2024.10.08"]
[Round "9"]
[White "Mendes, Aaron Reeve"]
[Black "Durarbayli, Vasif"]
[Result "0-1"]
[WhiteElo "2320"]
[BlackElo "2626"]
[PlyCount "88"]
[GameId "2129405224847842"]
[EventDate "2024.10.08"]
[EventType "swiss (blitz)"]
[EventRounds "11"]
[EventCountry "NET"]
[SourceTitle "The Week in Chess 1562"]
[Source "Mark Crowther"]
[SourceDate "2024.10.14"]
[SourceVersion "1"]
[SourceVersionDate "2024.10.14"]
[SourceQuality "2"]

1. e4 e5 2. Nf3 Nc6 3. d4 exd4 4. Nxd4 Nf6 5. Nxc6 bxc6 6. Nd2 d5 7. exd5 cxd5 8. Bb5+ Bd7 9. Bxd7+ Qxd7 10. O-O Be7 11. b3 O-O 12. Bb2 Qf5 13. Nf3 c5 14. Qd3 Qxd3 15. cxd3 Rfc8 16. Rfe1 Kf8 17. Rac1 a5 18. Ng5 d4 19. Ne4 Nd5 20. Ba3 f5 21. Nxc5 Kf7 22. Re5 Nc3 23. Rce1 Bf8 24. Rxf5+ Kg8 25. g4 Rc6 26. Ree5 Rac8 27. b4 axb4 28. Bxb4 Nxa2 29. Ba3 g6 30. Rxf8+ Rxf8 31. Ne4 Ra8 32. Bc5 Nc3 33. Bxd4 Ne2+ 34. Kg2 Nxd4 35. Re7 Rf8 36. g5 Nf5 37. Rd7 Kh8 38. Nf6 Ng7 39. d4 Re6 40. h4 h5 41. d5 Rexf6 42. gxf6 Rxf6 43. Kg3 Kh7 44. Rd8 Rf7 0-1

[Event "Titled Tuesday 2024.10.08 Late"]
[Site "chess.com INT"]
[Date "2024.10.08"]
[Round "10"]
[White "Collins, Adam"]
[Black "Mendes, Aaron Reeve"]
[Result "0-1"]
[WhiteElo "2184"]
[BlackElo "2320"]
[PlyCount "68"]
[GameId "2129405224847921"]
[EventDate "2024.10.08"]
[EventType "swiss (blitz)"]
[EventRounds "11"]
[EventCountry "NET"]
[SourceTitle "The Week in Chess 1562"]
[Source "Mark Crowther"]
[SourceDate "2024.10.14"]
[SourceVersion "1"]
[SourceVersionDate "2024.10.14"]
[SourceQuality "2"]

1. Nf3 d5 2. e3 Nd7 3. d4 Ngf6 4. c4 c6 5. Nc3 e6 6. Bd3 dxc4 7. Bxc4 b5 8. Be2 Bb7 9. O-O a6 10. Bd2 c5 11. dxc5 Nxc5 12. Rc1 Be7 13. Qc2 O-O 14. Rfd1 Qe8 15. Be1 Rc8 16. Qb1 b4 17. Nd4 bxc3 18. Bxc3 Nd5 19. Be1 Bf6 20. b4 Na4 21. Qb3 Nab6 22. a4 Qe7 23. a5 Rxc1 24. Rxc1 Bxd4 25. exd4 Nf4 26. Bf3 Nbd5 27. g3 Qg5 28. Rc5 Qg6 29. Bd2 Nd3 30. Rc4 Qf5 31. Kg2 Ne3+ 32. Bxe3 Qxf3+ 33. Kf1 Nxf2 34. Bxf2 Qxb3 0-1

[Event "Titled Tuesday 2024.10.08 Late"]
[Site "chess.com INT"]
[Date "2024.10.08"]
[Round "11"]
[White "Mendes, Aaron Reeve"]
[Black "Onischuk, V."]
[Result "0-1"]
[WhiteElo "2320"]
[BlackElo "2609"]
[PlyCount "86"]
[GameId "2129405224848121"]
[EventDate "2024.10.08"]
[EventType "swiss (blitz)"]
[EventRounds "11"]
[EventCountry "NET"]
[SourceTitle "The Week in Chess 1562"]
[Source "Mark Crowther"]
[SourceDate "2024.10.14"]
[SourceVersion "1"]
[SourceVersionDate "2024.10.14"]
[SourceQuality "2"]

1. e4 d6 2. d4 g6 3. Nc3 Bg7 4. f3 a6 5. a4 Nd7 6. Be3 c5 7. Nge2 cxd4 8. Bxd4 Ngf6 9. Qd2 Ne5 10. O-O-O Nc6 11. h4 Nxd4 12. Nxd4 h5 13. Kb1 Bd7 14. Be2 Qc7 15. g4 Bc6 16. g5 Nd7 17. Nd5 Bxd5 18. exd5 O-O 19. f4 Nb6 20. Bf3 Nxa4 21. Rhg1 Qb6 22. b3 Rfc8 23. Ne2 Nc3+ 24. Kc1 Nxe2+ 25. Bxe2 Qxb3 26. Qd3 Rc3 27. Qe4 Rac8 28. Bd3 Qa2 29. Kd2 Rxd3+ 30. Qxd3 Rc3 31. Qe4 Rc4 32. Qf3 Qxc2+ 33. Ke1 Bc3+ 34. Kf1 Bd4 35. Rg2 Qf5 36. Rgd2 Bc5 37. Rd3 Rxf4 38. Kg2 Rxf3 39. Rxf3 Qg4+ 40. Rg3 Qxd1 41. Kh3 Qxd5 42. Rg2 Qf3+ 43. Rg3 Qh1# 0-1

[Event "Titled Tuesday 2024.10.15 Late"]
[Site "chess.com INT"]
[Date "2024.10.15"]
[Round "1"]
[White "Buchenau, F."]
[Black "Mendes, Aaron Reeve"]
[Result "1-0"]
[WhiteElo "2190"]
[BlackElo "2320"]
[PlyCount "83"]
[GameId "2129405225045404"]
[EventDate "2024.10.15"]
[EventType "swiss (blitz)"]
[EventRounds "11"]
[EventCountry "NET"]
[SourceTitle "The Week in Chess 1563"]
[Source "Mark Crowther"]
[SourceDate "2024.10.21"]
[SourceVersion "1"]
[SourceVersionDate "2024.10.21"]
[SourceQuality "2"]

1. e4 c5 2. Nf3 d6 3. Bb5+ Bd7 4. Bxd7+ Qxd7 5. c4 Nf6 6. Nc3 Nc6 7. d4 cxd4 8. Nxd4 g6 9. f3 Nxd4 10. Qxd4 Bg7 11. Be3 O-O 12. Qd3 a6 13. O-O Rac8 14. b3 Qc6 15. Nd5 Rfe8 16. Nb6 Rcd8 17. Rad1 Nd7 18. Nxd7 Rxd7 19. c5 Red8 20. cxd6 Rxd6 21. Qe2 h6 22. Rxd6 Rxd6 23. Rc1 Qd7 24. Qc2 Rc6 25. Qb1 Bd4 26. Bxd4 Qxd4+ 27. Kh1 Rd6 28. h3 Qf2 29. Rc8+ Kg7 30. Rc2 Rd2 31. Qb2+ Kh7 32. Rxd2 Qe1+ 33. Kh2 h5 34. Re2 Qa5 35. Qd2 Qc7+ 36. f4 h4 37. Qe3 Qc6 38. Qf2 Qf6 39. e5 Qe6 40. Qxh4+ Kg7 41. Qg4 Qc6 42. f5 1-0

[Event "Titled Tuesday 2024.10.15 Late"]
[Site "chess.com INT"]
[Date "2024.10.15"]
[Round "2"]
[White "Mendes, Aaron Reeve"]
[Black "Odenthal, Aidan"]
[Result "1-0"]
[WhiteElo "2320"]
[BlackElo "2033"]
[PlyCount "181"]
[GameId "2129405225058032"]
[EventDate "2024.10.15"]
[EventType "swiss (blitz)"]
[EventRounds "11"]
[EventCountry "NET"]
[SourceTitle "The Week in Chess 1563"]
[Source "Mark Crowther"]
[SourceDate "2024.10.21"]
[SourceVersion "1"]
[SourceVersionDate "2024.10.21"]
[SourceQuality "2"]

1. e4 c5 2. Nf3 e6 3. b3 Nc6 4. Bb2 d6 5. d4 cxd4 6. Nxd4 Nf6 7. Nd2 Be7 8. Bd3 O-O 9. O-O e5 10. Nxc6 bxc6 11. c4 Be6 12. h3 Nd7 13. Qe2 Nc5 14. Rfd1 a5 15. Bc2 Qc7 16. a3 Rab8 17. Bc3 Bg5 18. b4 axb4 19. axb4 Nd7 20. Nf1 g6 21. Kh2 Bh6 22. g3 Rfd8 23. Ne3 Bg7 24. h4 Nb6 25. c5 dxc5 26. bxc5 Nd7 27. Ba5 Qc8 28. Bxd8 Qxd8 29. Ra6 Qc7 30. Ba4 Nxc5 31. Rxc6 Qe7 32. Nd5 Bxd5 33. exd5 Nxa4 34. d6 Qe6 35. Rd2 e4 36. Rc7 Nc3 37. Qc4 Qxc4 38. Rxc4 Rd8 39. Kg2 Nb5 40. d7 f5 41. Rc8 Bf6 42. Rd5 Na7 43. Rdc5 Kf7 44. R8c7 Ke7 45. Rxa7 Bd4 46. Rac7 Bxc5 47. Rxc5 Rxd7 48. Rc2 h6 49. Re2 Kf6 50. Rc2 Rd6 51. Rb2 g5 52. hxg5+ hxg5 53. Rb1 Rd5 54. Rb6+ Ke5 55. Rg6 g4 56. Rg8 e3 57. Re8+ Kf6 58. Rxe3 Kg5 59. Ra3 Rb5 60. Ra8 Re5 61. Rf8 Rb5 62. Kf1 Re5 63. Rf7 Re6 64. Rc7 Re5 65. Rc4 Re8 66. f3 gxf3 67. Kf2 Ra8 68. Kxf3 Ra3+ 69. Kg2 Ra2+ 70. Kh3 Ra3 71. Rc5 Rd3 72. Rc8 Re3 73. Rg8+ Kf6 74. Kh4 Re4+ 75. Kh5 Re1 76. Rf8+ Kg7 77. Rxf5 Ra1 78. Kg5 Ra6 79. g4 Kg8 80. Rd5 Kg7 81. Rd7+ Kg8 82. Kh5 Ra8 83. g5 Ra6 84. Rc7 Kh8 85. Rf7 Kg8 86. Rf5 Kh8 87. Rf6 Rxf6 88. gxf6 Kh7 89. Kg5 Kh8 90. Kf5 Kg8 91. Ke6 1-0

[Event "Titled Tuesday 2024.10.15 Late"]
[Site "chess.com INT"]
[Date "2024.10.15"]
[Round "3"]
[White "Martinez Pla, Xavier"]
[Black "Mendes, Aaron Reeve"]
[Result "0-1"]
[WhiteElo "2261"]
[BlackElo "2320"]
[PlyCount "86"]
[GameId "2129405225058159"]
[EventDate "2024.10.15"]
[EventType "swiss (blitz)"]
[EventRounds "11"]
[EventCountry "NET"]
[SourceTitle "The Week in Chess 1563"]
[Source "Mark Crowther"]
[SourceDate "2024.10.21"]
[SourceVersion "1"]
[SourceVersionDate "2024.10.21"]
[SourceQuality "2"]

1. e4 c5 2. Nf3 d6 3. Bc4 Nc6 4. O-O Nf6 5. Qe2 e6 6. c3 Be7 7. Bb3 O-O 8. d4 cxd4 9. cxd4 a5 10. Nc3 b6 11. Rd1 Ba6 12. Qe1 Nb4 13. Bg5 h6 14. Bxf6 Bxf6 15. Qe3 Rc8 16. a3 Nc6 17. Rac1 Bg5 18. Nxg5 Qxg5 19. f4 Qe7 20. d5 Nb8 21. Qxb6 exd5 22. Bxd5 Rc5 23. b4 axb4 24. axb4 Rc7 25. Qd4 Rfc8 26. b5 Bb7 27. Bxb7 Rxb7 28. Nd5 Qd8 29. b6 Nc6 30. Qe3 Ne7 31. Nxe7+ Rxe7 32. Rxc8 Qxc8 33. Rc1 Qb7 34. Rb1 Kh8 35. e5 dxe5 36. fxe5 Re6 37. Qc5 Qe4 38. Rc1 Rxe5 39. Qc3 Rb5 40. Re1 Qf5 41. Re8+ Kh7 42. Re1 Rxb6 43. h3 Rg6 0-1

[Event "Titled Tuesday 2024.10.15 Late"]
[Site "chess.com INT"]
[Date "2024.10.15"]
[Round "4"]
[White "Mendes, Aaron Reeve"]
[Black "Ernst, Robert"]
[Result "1-0"]
[WhiteElo "2320"]
[BlackElo "2319"]
[PlyCount "77"]
[GameId "2129405225054218"]
[EventDate "2024.10.15"]
[EventType "swiss (blitz)"]
[EventRounds "11"]
[EventCountry "NET"]
[SourceTitle "The Week in Chess 1563"]
[Source "Mark Crowther"]
[SourceDate "2024.10.21"]
[SourceVersion "1"]
[SourceVersionDate "2024.10.21"]
[SourceQuality "2"]

1. e4 e5 2. Nf3 Nc6 3. Bc4 Nf6 4. O-O Bc5 5. c3 d6 6. d4 Bb6 7. h3 h6 8. Re1 O-O 9. Be3 exd4 10. cxd4 d5 11. exd5 Nxd5 12. Nc3 Be6 13. Bb3 Na5 14. Bd2 Nxb3 15. axb3 c6 16. Ne4 Nf6 17. Nc5 Bxc5 18. dxc5 Qd5 19. b4 Ne4 20. Bc3 Rfd8 21. Qe2 Nxc3 22. bxc3 Qd3 23. Qe3 a5 24. bxa5 Qxe3 25. Rxe3 Rd5 26. Re5 Kf8 27. Rxd5 Bxd5 28. Nd4 Ke7 29. f3 Kd7 30. Kf2 g6 31. g4 Kc7 32. Nc2 Rd8 33. Re1 Be6 34. Nd4 Bd5 35. f4 Ra8 36. Re7+ Kd8 37. Rxb7 Rxa5 38. c4 Bxc4 39. Nxc6+ 1-0

[Event "Titled Tuesday 2024.10.15 Late"]
[Site "chess.com INT"]
[Date "2024.10.15"]
[Round "5"]
[White "Glek, I."]
[Black "Mendes, Aaron Reeve"]
[Result "1-0"]
[WhiteElo "2410"]
[BlackElo "2320"]
[PlyCount "97"]
[GameId "2129405225054475"]
[EventDate "2024.10.15"]
[EventType "swiss (blitz)"]
[EventRounds "11"]
[EventCountry "NET"]
[SourceTitle "The Week in Chess 1563"]
[Source "Mark Crowther"]
[SourceDate "2024.10.21"]
[SourceVersion "1"]
[SourceVersionDate "2024.10.21"]
[SourceQuality "2"]

1. e4 c5 2. Nf3 d6 3. d4 cxd4 4. Nxd4 Nf6 5. Nc3 a6 6. a4 e5 7. Nf3 Be7 8. Bg5 Be6 9. Bxf6 Bxf6 10. Nd5 Nd7 11. Bc4 Rc8 12. Qe2 O-O 13. O-O Nb6 14. Nxf6+ Qxf6 15. Bxe6 fxe6 16. a5 Nd7 17. Rfd1 Rc6 18. c4 Rfc8 19. b3 Qe7 20. Ra2 Nf6 21. h3 Qc7 22. Rd3 Rc5 23. Nd2 d5 24. Re3 d4 25. Rg3 Rxa5 26. Rxa5 Qxa5 27. Nf3 Qc5 28. Rg5 Nd7 29. Ne1 Qe7 30. h4 h6 31. Rg4 Nc5 32. h5 Rf8 33. b4 Na4 34. Nd3 Nc3 35. Qd2 Qf6 36. Rg6 Nxe4 37. Qxh6 Qe7 38. f3 Nd6 39. Nxe5 Nf5 40. Qf4 Qxb4 41. h6 Qe1+ 42. Kh2 Rd8 43. Rxg7+ Kf8 44. Qg5 Qh4+ 45. Qxh4 Nxh4 46. g3 d3 47. gxh4 d2 48. Ng6+ Ke8 49. Re7# 1-0

[Event "Titled Tuesday 2024.10.15 Late"]
[Site "chess.com INT"]
[Date "2024.10.15"]
[Round "6"]
[White "Mendes, Aaron Reeve"]
[Black "Tologontegin, S."]
[Result "0-1"]
[WhiteElo "2320"]
[BlackElo "2337"]
[PlyCount "104"]
[GameId "2129405225054660"]
[EventDate "2024.10.15"]
[EventType "swiss (blitz)"]
[EventRounds "11"]
[EventCountry "NET"]
[SourceTitle "The Week in Chess 1563"]
[Source "Mark Crowther"]
[SourceDate "2024.10.21"]
[SourceVersion "1"]
[SourceVersionDate "2024.10.21"]
[SourceQuality "2"]

1. e4 Nf6 2. e5 Nd5 3. c4 Nb6 4. c5 Nd5 5. Bc4 e6 6. Nc3 Nxc3 7. bxc3 Bxc5 8. d4 Be7 9. Qg4 O-O 10. Bh6 g6 11. Bxf8 Bxf8 12. h4 h5 13. Qe2 c5 14. Nf3 Qa5 15. Qd3 cxd4 16. Qxd4 Nc6 17. Qe3 Bh6 18. Qd3 Nxe5 19. Nxe5 Qxe5+ 20. Kf1 d5 21. Bb3 Bd7 22. Re1 Qc7 23. c4 a6 24. Kg1 dxc4 25. Bxc4 Rc8 26. Bb3 Bb5 27. Qb1 Rd8 28. Rh3 Bd2 29. Bxe6 Bxe1 30. Qxg6+ Kf8 31. Qh6+ Ke7 32. Qg5+ f6 33. Qg7+ Kd6 34. Qxf6 Qe7 35. Qd4+ Kc7 36. Qe5+ Rd6 37. Qxe1 Rxe6 38. Qc1+ Kb8 39. Qd2 Re1+ 40. Kh2 Qe5+ 41. f4 Qe2 42. Qd4 Qe7 43. f5 Rf1 44. Rf3 Rxf3 45. gxf3 Bc6 46. f6 Qe2+ 47. Kg1 Qxf3 48. Qe5+ Ka8 49. Qg5 Qd1+ 50. Kh2 Qh1+ 51. Kg3 Qf3+ 52. Kh2 Bd5 0-1

[Event "Titled Tuesday 2024.10.15 Late"]
[Site "chess.com INT"]
[Date "2024.10.15"]
[Round "7"]
[White "Mendes, Aaron Reeve"]
[Black "Gutierrez Olivares, D."]
[Result "1-0"]
[WhiteElo "2320"]
[BlackElo "2354"]
[PlyCount "117"]
[GameId "2129405225054805"]
[EventDate "2024.10.15"]
[EventType "swiss (blitz)"]
[EventRounds "11"]
[EventCountry "NET"]
[SourceTitle "The Week in Chess 1563"]
[Source "Mark Crowther"]
[SourceDate "2024.10.21"]
[SourceVersion "1"]
[SourceVersionDate "2024.10.21"]
[SourceQuality "2"]

1. e4 e6 2. Nf3 d5 3. Nc3 Nf6 4. e5 Nfd7 5. d4 c5 6. Bg5 Qa5 7. dxc5 Nxc5 8. a3 Ne4 9. Bd2 Nxd2 10. Nxd2 Qc7 11. f4 a6 12. Nb3 g5 13. g3 Be7 14. Qh5 Nc6 15. O-O-O Bd7 16. Bd3 O-O-O 17. Kb1 Be8 18. Qe2 gxf4 19. gxf4 Na7 20. Rhg1 Bxa3 21. Bxa6 Bb4 22. Nb5 Bxb5 23. Bxb5 Rhg8 24. Bd3 h6 25. Qh5 Rxg1 26. Rxg1 Bf8 27. Rg8 Nc6 28. Rh8 Nb4 29. Rh7 Rd7 30. Rh8 Rd8 31. Qe2 Kb8 32. c3 Nxd3 33. Qxd3 Qb6 34. Nd4 Bc5 35. Rxd8+ Qxd8 36. Qb5 Bxd4 37. cxd4 Qh4 38. Qe8+ Ka7 39. Qxf7 Qe1+ 40. Kc2 Qe2+ 41. Kc3 Qc4+ 42. Kd2 Qxd4+ 43. Kc2 Qf2+ 44. Kb3 Qe3+ 45. Ka2 Qb6 46. Qe7 Qa6+ 47. Qa3 Kb6 48. Qxa6+ bxa6 49. Kb3 Kc5 50. Kc3 d4+ 51. Kd3 Kd5 52. b4 h5 53. h4 Kc6 54. Kxd4 Kb5 55. Kc3 a5 56. bxa5 Kxa5 57. f5 exf5 58. e6 Kb6 59. e7 1-0

[Event "Titled Tuesday 2024.10.15 Late"]
[Site "chess.com INT"]
[Date "2024.10.15"]
[Round "8"]
[White "Novikov, E."]
[Black "Mendes, Aaron Reeve"]
[Result "1-0"]
[WhiteElo "2276"]
[BlackElo "2320"]
[PlyCount "53"]
[GameId "2129405225054869"]
[EventDate "2024.10.15"]
[EventType "swiss (blitz)"]
[EventRounds "11"]
[EventCountry "NET"]
[SourceTitle "The Week in Chess 1563"]
[Source "Mark Crowther"]
[SourceDate "2024.10.21"]
[SourceVersion "1"]
[SourceVersionDate "2024.10.21"]
[SourceQuality "2"]

1. c4 c6 2. e4 d5 3. exd5 cxd5 4. cxd5 Nf6 5. Qa4+ Bd7 6. Qb3 Qc7 7. Nc3 a6 8. g3 g6 9. Bg2 Qc8 10. d3 Bg7 11. Bf4 O-O 12. Rc1 Nh5 13. Be3 a5 14. Nb5 Qd8 15. Nc7 Na6 16. Nxa8 Qxa8 17. Ne2 a4 18. Qa3 b5 19. Qxe7 Qb7 20. O-O Bf6 21. d6 Qxg2+ 22. Kxg2 Bxe7 23. dxe7 Re8 24. Nf4 Nf6 25. Bd4 Ng4 26. h3 Nh6 27. Nd5 1-0

[Event "Titled Tuesday 2024.10.15 Late"]
[Site "chess.com INT"]
[Date "2024.10.15"]
[Round "9"]
[White "Mendes, Aaron Reeve"]
[Black "Tikhonov, Viacheslav"]
[Result "1-0"]
[WhiteElo "2320"]
[BlackElo "2176"]
[PlyCount "67"]
[GameId "2129405225055025"]
[EventDate "2024.10.15"]
[EventType "swiss (blitz)"]
[EventRounds "11"]
[EventCountry "NET"]
[SourceTitle "The Week in Chess 1563"]
[Source "Mark Crowther"]
[SourceDate "2024.10.21"]
[SourceVersion "1"]
[SourceVersionDate "2024.10.21"]
[SourceQuality "2"]

1. e4 c5 2. Nf3 Nc6 3. b3 e6 4. Bb2 a6 5. c4 d5 6. cxd5 exd5 7. exd5 Qxd5 8. Bc4 Qe4+ 9. Kf1 Be6 10. d3 Bxc4 11. bxc4 Qe6 12. Nc3 Nf6 13. Qd2 O-O-O 14. Re1 Qd7 15. Rd1 Bd6 16. Na4 Kb8 17. Nb6 Qc7 18. Bxf6 gxf6 19. Nd5 Qc8 20. h3 Qf5 21. Re1 Rhe8 22. Re3 Ne7 23. Qe1 Nxd5 24. Rxe8 Rxe8 25. Qxe8+ Ka7 26. cxd5 Qxd3+ 27. Kg1 Qb1+ 28. Qe1 Qxa2 29. Qd1 c4 30. Qd4+ Ka8 31. g3 Qb3 32. Kg2 c3 33. Rc1 c2 34. Qd2 1-0

[Event "Titled Tuesday 2024.10.15 Late"]
[Site "chess.com INT"]
[Date "2024.10.15"]
[Round "10"]
[White "Hajiyev, K."]
[Black "Mendes, Aaron Reeve"]
[Result "0-1"]
[WhiteElo "2109"]
[BlackElo "2320"]
[PlyCount "230"]
[GameId "2129405225055262"]
[EventDate "2024.10.15"]
[EventType "swiss (blitz)"]
[EventRounds "11"]
[EventCountry "NET"]
[SourceTitle "The Week in Chess 1563"]
[Source "Mark Crowther"]
[SourceDate "2024.10.21"]
[SourceVersion "1"]
[SourceVersionDate "2024.10.21"]
[SourceQuality "2"]

1. d4 d5 2. Nf3 Nf6 3. c4 c6 4. cxd5 cxd5 5. Nc3 Nc6 6. Bg5 Ne4 7. Bf4 a6 8. Qb3 e6 9. e3 Nxc3 10. bxc3 Bd6 11. Bd3 Qc7 12. Bxd6 Qxd6 13. O-O O-O 14. c4 dxc4 15. Qxc4 b5 16. Qc2 g6 17. Be4 Bb7 18. a3 Rac8 19. Qe2 Rc7 20. h4 Rfc8 21. h5 Kg7 22. g3 Ne7 23. Bxb7 Rxb7 24. Ne5 f6 25. Qf3 Nd5 26. Ng4 Rf7 27. h6+ Kg8 28. Rfc1 Qf8 29. e4 Rxc1+ 30. Rxc1 Ne7 31. Rc7 Kh8 32. Qb3 Ng8 33. Rc6 Rd7 34. Qxe6 Rxd4 35. Rc8 Rd8 36. Rc7 Re8 37. Qd7 Re7 38. Rc8 Qf7 39. Qd4 Re6 40. Qd8 f5 41. exf5 gxf5 42. Ne3 f4 43. Qd4+ Qf6 44. Qxf4 Qxf4 45. gxf4 Rxh6 46. Nf5 Rg6+ 47. Kf1 h5 48. Ne7 Rg7 49. Nf5 Rg4 50. Nh6 Rg6 51. Nf7+ Kg7 52. Ne5 Rf6 53. Rc7+ Kh6 54. Nd3 h4 55. Kg2 Kh5 56. Kh3 Nh6 57. Rc5+ Rf5 58. Rc6 Rd5 59. Ne5 Ng4 60. Nxg4 Rd3+ 61. Ne3 Rxa3 62. Re6 b4 63. f3 b3 64. Re5+ Kg6 65. Ng4 b2 66. Re6+ Kg7 67. Rb6 Rxf3+ 68. Kxh4 Rxf4 69. Kg5 Ra4 70. Rxb2 Ra5+ 71. Kf4 Rb5 72. Ra2 a5 73. Ne5 Kf6 74. Nd7+ Ke6 75. Nf8+ Kd5 76. Ng6 Kc4 77. Ne5+ Kb3 78. Re2 a4 79. Nd3 a3 80. Nc1+ Kc3 81. Na2+ Kc4 82. Nc1 Rb2 83. Re4+ Kc3 84. Ne2+ Kd3 85. Ng3 a2 86. Re3+ Kc2 87. Ra3 Kb1 88. Ne4 Rc2 89. Nc3+ Rxc3 90. Rxc3 a1=Q 91. Rb3+ Kc2 92. Re3 Qf6+ 93. Ke4 Kd2 94. Rf3 Qe6+ 95. Kf4 Ke2 96. Rg3 Qf6+ 97. Ke4 Kf2 98. Rd3 Qe6+ 99. Kd4 Ke2 100. Rc3 Qd6+ 101. Kc4 Kd2 102. Rb3 Qc6+ 103. Kb4 Kc2 104. Ra3 Qd6+ 105. Ka4 Qd5 106. Kb4 Kb2 107. Ra5 Qd4+ 108. Kb5 Kb3 109. Ra6 Qd5+ 110. Kb6 Kb4 111. Ra7 Qd6+ 112. Kb7 Kb5 113. Ra1 Qe7+ 114. Ka8 Qf8+ 115. Kb7 Qg7+ 0-1

[Event "Titled Tuesday 2024.10.15 Late"]
[Site "chess.com INT"]
[Date "2024.10.15"]
[Round "11"]
[White "Mendes, Aaron Reeve"]
[Black "Novik, Ma"]
[Result "1-0"]
[WhiteElo "2320"]
[BlackElo "2411"]
[PlyCount "123"]
[GameId "2129405225055347"]
[EventDate "2024.10.15"]
[EventType "swiss (blitz)"]
[EventRounds "11"]
[EventCountry "NET"]
[SourceTitle "The Week in Chess 1563"]
[Source "Mark Crowther"]
[SourceDate "2024.10.21"]
[SourceVersion "1"]
[SourceVersionDate "2024.10.21"]
[SourceQuality "2"]

1. e4 c5 2. Nf3 e6 3. b3 d5 4. exd5 exd5 5. Bb2 Nf6 6. d4 cxd4 7. Nxd4 Be7 8. Nd2 O-O 9. Be2 Nc6 10. O-O Re8 11. h3 Bd6 12. Bf3 a6 13. Nxc6 bxc6 14. c4 Bc7 15. Re1 Be6 16. Qc2 Qd6 17. Be5 Qd7 18. Bxc7 Qxc7 19. cxd5 Bxd5 20. Bxd5 Nxd5 21. Nf3 h6 22. Rac1 Rxe1+ 23. Rxe1 Qd6 24. Qc4 a5 25. Nd4 Rc8 26. Nf5 Qf6 27. Ne3 Re8 28. Qc1 Nf4 29. Ng4 Rxe1+ 30. Qxe1 Qf5 31. Qd2 Qg5 32. Kh2 h5 33. Ne3 Nxg2 34. Qd4 Nf4 35. Qe4 g6 36. Qxc6 Nd3 37. Qf3 Ne5 38. Qg3 Qf6 39. Nd5 Qe6 40. Nf4 Qf5 41. Kg2 Qe4+ 42. f3 Qc2+ 43. Qf2 Qf5 44. Ne2 Nd3 45. Qe3 Ne1+ 46. Kf2 Nd3+ 47. Kg2 Ne1+ 48. Kf2 Nd3+ 49. Kg3 Kh7 50. h4 Nb4 51. a4 Nd5 52. Qe4 Qd7 53. Qe5 Ne7 54. Nf4 Qf5 55. Qxf5 Nxf5+ 56. Kh3 Nd4 57. Nd5 Nxb3 58. Ne7 Kg7 59. Kg3 Kf6 60. Nc6 Ke6 61. Kf4 Kd6 62. Na7 1-0